000 00585cam a2200205 4500500
005 20260329003608.0
041 _afre
042 _adc
100 1 0 _ade Oliveira, Victorine
_eauthor
245 0 0 _aInsectopedie
260 _c2016.
500 _a73
690 _aBiologie
690 _aHugh Raffles
690 _aInsecte
690 _aMatthieu Dumont
690 _aphilosophie
786 0 _nPhilosophie magazine | 97 | 3 | 2016-03-01 | p. 70-70 | 1951-1787
856 4 1 _uhttps://shs.cairn.info/magazine-philosophie-magazine-2016-3-page-70?lang=fr&redirect-ssocas=7080
999 _c1825897
_d1825897